[Event "Hyeres op"]
[Site "Hyeres"]
[Date "2009.10.24"]
[Round "2"]
[White "Azizar, Illiass"]
[Black "Vaute, Denis"]
[Result "0-1"]
[WhiteElo "1550"]
[BlackElo "1867"]
[PlyCount "82"]
[EventDate "2009.02.28"]
[EventType "swiss"]
[EventRounds "7"]
[EventCountry "FRA"]
[SourceTitle "EXT 2010"]
[Source "ChessBase"]
[SourceDate "2010.11.25"]
[SourceVersion "1"]
[SourceVersionDate "2010.11.25"]
[SourceQuality "1"]

1. d4 e6 2. c4 f5 3. Nc3 Nf6 4. Nf3 Be7 5. Bf4 d6 6. e3 0-0 7. Be2 Nc6 8. 0-0 Qe8 9. Rc1 Ne4 10. d5 Nxc3 11. bxc3 Nd8 12. Re1 e5 13. Bg5 e4 14. Bxe7 exf3 15. Bxf8 fxe2 16. Qd4 Qxf8 17. Rxe2 Nf7 18. Qf4 Ne5 19. Rd1 b6 20. Rb2 Qf6 21. Rb4 a5 22. Ra4 Bd7 23. Ra3 Re8 24. Qd4 Ng4 25. h3 Re4 26. Qxf6 Nxf6 27. Rd4 Re8 28. Rb3 Ne4 29. Rd1 Ba4 30. f3 Bxb3 31. axb3 Nxc3 32. Rd3 Na2 33. Kf2 Kf7 34. Kg3 Nb4 35. Rc3 g5 36. f4 h6 37. h4 g4 38. Kf2 Na6 39. Rc1 Nc5 40. Rb1 Nd3+ 41. Kg1 Rxe3 0-1